Telecommunications management <the> broadcast and cable industries

Saved in:
Bibliographic Details
Main Author: Sherman, Barry L.
Format: Book
Language:English
Published: New York MacGraw-Hill Publishing Company 1987
Series:MacGraw-Hill series in mass communication
Subjects:
Tags: Add Tag
No Tags, Be the first to tag this record!

MARC

LEADER 00000nam a2200000 4500
001 c100615
005 20221221075253.6
020 |a 0-07-056581-3 
041 0 |a eng 
044 |a US 
245 1 0 |a Telecommunications management  |b <the> broadcast and cable industries  |c Barry L. Sherman 
264 1 |a New York  |b MacGraw-Hill Publishing Company  |c 1987 
300 |a 417 s. 
490 1 |a MacGraw-Hill series in mass communication 
830 0 |a MacGraw-Hill series in mass communication 
610 2 0 |a telekomunikácie 
610 2 0 |a manažment 
610 2 0 |a riadenie 
610 2 0 |a riadenie regionálne 
610 2 0 |a rozhlas 
610 2 0 |a televízia 
610 2 0 |a prenos dát diaľkový 
100 1 |a Sherman, Barry L.